| 000 | 01069nam a2200301 i 4500 | ||
|---|---|---|---|
| 003 | EG-GICUC | ||
| 005 | 20260212211956.0 | ||
| 008 | 260212s2003 fr ||||fr|||| 000 0 fre d | ||
| 040 |
_aEG-GiCUC _bfre _cEG-GiCUC _dEG-GiCUC _eRda |
||
| 082 | 0 | 4 |
_221 _a341.8 _bBI . A |
| 092 | 0 | 4 | _221 |
| 099 | _aLaw1 12 341.8 BI . A 2003 | ||
| 100 | 1 |
_aBigot, Agnès _eAuteur |
|
| 245 | 1 | 3 |
_aL'autorité Parentale Dans La Famille Désunie en Droit International Privé / _cAgnès Bigot ; Hugues Fulchiron. _b _n |
| 264 | 3 |
_aParis : _bPresses Universitaires D'aix-marseille-puam Faculté De Droit Et De Science Politique, _c2003. |
|
| 300 |
_a542page : _billustration ; _c 24 cm. |
||
| 336 |
_2rda contenu _a texte |
||
| 337 |
_2rda medias _aOrdinateur |
||
| 338 |
_2 transporteur rda _a Ressource en ligne |
||
| 504 | _a | ||
| 546 | _aTexte en français | ||
| 650 | 1 | 4 |
_aDroit international privé _2 |
| 651 | 1 | _2 | |
| 700 | 1 |
_aFulchiron, Hugues _ePréfacier |
|
| 856 | 4 | 0 | _uhttps://fll.law.cu.edu.eg/fulltext/bks/B12-02626.pdf |
| 905 | _a50 | ||
| 942 |
_2ddc _cBK _e21 _n0 |
||
| 999 |
_c62993 _d62993 |
||